Preguntas de Geografia #3 - Estadísticas

Estadísticas generales
  • Esta prueba ha sido intentada 123 veces
  • La puntuación promedio es 10 de 15
Estadísticas de respuestas
Pregunta Respuesta % Correcto
¿Cuál de estos países es mas pequeño? Luxemburgo
100%
¿Cuál de estos países no habla español? Surinam
100%
¿Cuál de estos países esta en Oceanía? Nauru
93%
¿Cuál de estos países es bicontinental? (Esta en dos continentes) Turquía
93%
¿Cuál de estos países no esta en Africa? Tuvalu
93%
¿Cuál es aproximadamente la población de España? 40M-50M
86%
¿Cuál de estas islas es italiana? Cerdeña
86%
¿Cuál de estos países ganó un mundial de fútbol? Inglaterra
86%
¿Cuál de estos países es una isla? Baréin
64%
¿Cuál de estos países africanos nunca fue colonizado por los europeos? Etiopía
57%
¿Cuál de estos países es mas poblado? Colombia
36%
¿Cuál de estos paises tiene mas territorio? Perú
36%
¿Cuál de estos países no tiene salida al mar? Zambia
36%
¿Cuál de estos países no limita con Mali? Benin
29%
¿Cuál de estos países es un microestado de europa? Malta
14%
No se encontraron pruebas coincidentes
Distribución de puntuación
Porcentaje de gente con cada puntuación
Porcentaje por número respondido
Historial de tus puntuaciones
No has intentado esta prueba.